Derechos personalísimos /
Guardado en:
| Autor Principal: | |
|---|---|
| Formato: | Libro |
| Idioma: | Spanish |
| Publicado: |
Buenos Aires :
Astrea,
1995
|
| Edición: | 2a. ed. act. y amp. |
| Materias: | |
| Etiquetas: |
Agregar Etiqueta
Sin Etiquetas, Sea el primero en etiquetar este registro!
|
| LEADER | 00451nam a22001575a 4500 | ||
|---|---|---|---|
| 001 | DER.der000126 | ||
| 008 | 180615s1995####ag#||||||||||||||#||spa|| | ||
| 005 | 20251223141625.0 | ||
| 245 | 1 | 0 | |a Derechos personalísimos / |c Santos Cifuentes. |
| 250 | |a 2a. ed. act. y amp. | ||
| 260 | |a Buenos Aires : |b Astrea, |c 1995 | ||
| 300 | |a 705 p. | ||
| 020 | |a 9505084412 | ||
| 100 | 0 | |a Cifuentes, Santos. | |
| 650 | 7 | |a DERECHO PRIVADO | |
| 859 | |a DERECHO |b BIB. DERECHO |h 346 |i CIF |p 001014 | ||
